000 00564nam a2200193Ia 4500
005 20250508162009.0
008 008 250505s9999 xx 000 0 eng d
037 _aTextual
040 _aFEDL
_beng
_cFEDL
041 _aeng
_2eng
084 _a181.48, SAS
_qFEDL
100 _aSastry Alladi Mahadeva
_924211
245 0 _aDakshinamurti stotra of sri sankaracharya
260 _aMadras, India
_bSamata Books
_c1978
300 _alxxv, 223p.
650 _aOriental Philosophy
_9755543
942 _cTEXL
_h181.48, SAS
999 _c1373734
_d1373734